Collected plays / (Record no. 30914)
[ view plain ]
| 000 -LEADER | |
|---|---|
| fixed length control field | 01104cam a2200277 4500 |
| 001 - CONTROL NUMBER | |
| control field | 4099742 |
| 005 - DATE AND TIME OF LATEST TRANSACTION | |
| control field | 20210127115632.0 |
| 008 - FIXED-LENGTH DATA ELEMENTS--GENERAL INFORMATION | |
| fixed length control field | 740223m19739999enk 000 0 eng |
| 010 ## - LIBRARY OF CONGRESS CONTROL NUMBER | |
| LC control number | 74156793 |
| 020 ## - INTERNATIONAL STANDARD BOOK NUMBER | |
| International Standard Book Number | 0192811363 (v. 1) |
| 020 ## - INTERNATIONAL STANDARD BOOK NUMBER | |
| International Standard Book Number | 0192811649 (v. 2) |
| 040 ## - CATALOGING SOURCE | |
| Original cataloging agency | DLC |
| Transcribing agency | DLC |
| Modifying agency | DLC |
| 050 00 - LIBRARY OF CONGRESS CALL NUMBER | |
| Classification number | PR9387.9 |
| Item number | .S6 1973 |
| 082 00 - DEWEY DECIMAL CLASSIFICATION NUMBER | |
| Classification number | 822 |
| 100 1# - MAIN ENTRY--PERSONAL NAME | |
| Personal name | Soyinka, Wole. |
| 240 10 - UNIFORM TITLE | |
| Uniform title | <a href="Plays">Plays</a> |
| 245 00 - TITLE STATEMENT | |
| Title | Collected plays / |
| Statement of responsibility, etc. | Wole Soyinka. |
| 260 ## - PUBLICATION, DISTRIBUTION, ETC. (IMPRINT) | |
| Place of publication, distribution, etc. | London ; |
| -- | New York : |
| Name of publisher, distributor, etc. | Oxford University Press, |
| Date of publication, distribution, etc. | 1973-<1974 > |
| 300 ## - PHYSICAL DESCRIPTION | |
| Extent | v. <1-2 > : |
| Dimensions | 20 cm. |
| 490 0# - SERIES STATEMENT | |
| Series statement | v. 1: A Galaxy book ; |
| Volume/sequential designation | 392 |
| 505 1# - FORMATTED CONTENTS NOTE | |
| Formatted contents note | v. 1. A dance of the forests ; The swamp dwellers ; The strong breed ; The road ; The Bacchae of Euripides -- v. 2. The lion and the jewel ; Kongi's harvest ; The trials of Brother Jero ; Jero's metamorposis ; Madmen and specialists |
| 651 #0 - SUBJECT ADDED ENTRY--GEOGRAPHIC NAME | |
| Geographic name | Nigeria |
| General subdivision | Drama. |
| 856 42 - ELECTRONIC LOCATION AND ACCESS | |
| Materials specified | Publisher description |
| Uniform Resource Identifier | <a href="http://www.loc.gov/catdir/enhancements/fy0603/74156793-d.html">http://www.loc.gov/catdir/enhancements/fy0603/74156793-d.html</a> |
| 906 ## - LOCAL DATA ELEMENT F, LDF (RLIN) | |
| a | 7 |
| b | cbc |
| c | orignew |
| d | 2 |
| e | ncip |
| f | 19 |
| g | y-gencatlg |
| 942 ## - ADDED ENTRY ELEMENTS (KOHA) | |
| Source of classification or shelving scheme | |
| Koha item type | Hard Covered Materials |
| Classification part | PR9387.9.S6 1973 |
| Withdrawn status | Lost status | Source of classification or shelving scheme | Damaged status | Not for loan | Home library | Current library | Shelving location | Date acquired | Source of acquisition | Total Checkouts | Full call number | Barcode | Date last seen | Date last checked out | Price effective from | Koha item type |
|---|---|---|---|---|---|---|---|---|---|---|---|---|---|---|---|---|
| MACHAKOS UNIVERSITY LIBRARY | MACHAKOS UNIVERSITY LIBRARY | Open shelf | 27/01/2021 | Njugui Books | 1 | PR9387.9.S6 1973 | 23555 | 18/12/2025 | 07/09/2023 | 27/01/2021 | Hard Covered Materials |